000 00745 a2200169 4500
003 Nust
005 20170207153258.0
040 _cNust
082 _a607
100 _aH.R.Mills
245 _aTechniques of Technical Training
260 _aLondon
_bCleaver Hume
_c1953
505 _a1.the background to training(page 15)2.preparation (page 25)3.presentation (page 44)4.the class(page 64)5.assimilation(page 76)6.testing examinations and progress reporting(page 89)7.learning curves and other experimental results(page 116)8.the various methods of instructions(page 154)9.the use of film in technical training(page 169)10.further training aids(page 179)
538 _aAlmirah No.28 Shelf No.2
600 _aH.R.Mills
650 _aTechnical Training
942 _2ddc
_cBK
999 _c183165
_d183165